Programming Microsoft Azure Service Fabric, Second Edition /

Build, operate, and orchestrate scalable microservices applications in the cloud This book combines a comprehensive guide to success with Microsoft Azure Service Fabric and a practical catalog of design patterns and best practices for microservices design, implementation, and operation. Haishi Bai...

Full description

Bibliographic Details
Main Author: Bai, Haishi (Author)
Corporate Author: Safari, an O'Reilly Media Company
Format: eBook
Language:English
Published: Microsoft Press, 2018.
Edition:1st edition.
Subjects:
Online Access:Connect to this electronic resource

MARC

Tag First Indicator Second Indicator Subfields
LEADER 00000uam a2200000 a 4500
001 in00004262839
005 20260129162601.1
006 m o d
007 cr cn
008 220518s2018 xx o eng
020 |z 9781509307135 
020 |z 9781509307098 
035 |a (CaSebORM)9781509307135 
040 |d UtOrBLW 
041 0 |a eng 
100 1 |a Bai, Haishi,  |e author.  |0 http://id.loc.gov/authorities/names/n2014034999 
245 1 0 |a Programming Microsoft Azure Service Fabric, Second Edition /  |c Bai, Haishi. 
250 |a 1st edition. 
264 1 |b Microsoft Press,  |c 2018. 
300 |a 1 online resource (529 pages) 
336 |a text  |b txt  |2 rdacontent 
337 |a computer  |b c  |2 rdamedia 
338 |a online resource  |b cr  |2 rdacarrier 
347 |a text file 
520 |a Build, operate, and orchestrate scalable microservices applications in the cloud This book combines a comprehensive guide to success with Microsoft Azure Service Fabric and a practical catalog of design patterns and best practices for microservices design, implementation, and operation. Haishi Bai brings together all the information you'll need to deliver scalable and reliable distributed microservices applications on Service Fabric. He thoroughly covers the crucial DevOps aspects of utilizing Service Fabric, reviews its interactions with key cloud-based services, and introduces essential service integration mechanisms such as messaging systems and reactive systems. Leading Microsoft Azure expert Haishi Bai shows how to: Set up your Service Fabric development environment Program and deploy Service Fabric applications to a local or a cloud-based cluster Compare and use stateful services, stateless services, and the actor model Design Service Fabric applications to maximize availability, reliability, and scalability Improve management efficiency via scripting Configure network security and other advanced cluster settings Collect diagnostic data, and use Azure Operational Management Suite to interpret it Integrate microservices components developed in parallel Use containers to mobilize applications for failover, replication, scaling, and load balancing Streamline containerization with Docker in Linux and Windows environments Orchestrate containers to schedule workloads and maintain services at desired states Implement proven design patterns for common cloud application workloads Balance throughput, latency, scalability, and cost 
533 |a Electronic reproduction.  |b Boston, MA :  |c Safari,  |n Available via World Wide Web. 
538 |a Mode of access: World Wide Web. 
542 |f Copyright © Microsoft Press 
588 |a Online resource; Title from title page (viewed June 4, 2018) 
500 |a Electronic resource. 
655 7 |a Electronic books.  |2 local 
710 2 |a Safari, an O'Reilly Media Company. 
856 4 0 |u https://proxy.library.tamu.edu/login?url=https://go.oreilly.com/TAMU/library/view/-/9781509307135/?ar  |z Connect to this electronic resource  |t 0 
999 f f |s 4c8d6fe7-7f8d-357d-98ef-2c4265985454  |i eced90cb-0fb7-37dc-940a-0f32fd415675  |t 0 
952 f f |a Texas A&M University  |b College Station  |c Electronic Resources  |s www_evans  |d Available Online  |t 0  |h No information provided 
998 f f |t 0  |l Available Online